=LDR 00000nam 2200000 4500 =264 ##$$a Jakarta : $b Pusbangkom Pimnas dan Manajerial ASN. ; $c 2024 =csr $a 5289dccbbe18d11254ad6c32364e3764 =856 ##$$a =740 ##$$a =700 #$$a =650 #$$a Pengawasan Koperasi =520 #$$a Koperasi yang berkualitas tidak dapat terwujud tanpa praktik tata kelola koperasi yang baik. Proyek Perubahan ini dimaksudkan untuk meningkatkan kualitas pengawasan koperasi melalui pengembangan dan penguatan tata kelola pengawasan koperasi secara terintegrasi. =338 ##$$a =337 ##$$a =336 ##$$a =300 ##$$a 50 hlm. : $b ill. ; $c 30 cm $e =001 $a INLIS000000000020875 =246 ##$$a =245 ##$$a Pengembangan dan Penguatan Tata Kelola Pengawasan Koperasi Terintegrasi $b $c Adji Permana =100 #$$a Adji Permana =084 ##$$a R 147 PKN II 2024 =082 ##$$a =035 ##$$a 0010-0426000032 =020 ##$$a =008 $a 260420################g##########0#ind## =005 $a 20260420093815